Пространственно-временная изменчивость структуры и динамики вод Охотского моря

Xehetasun bibliografikoak
Egile nagusia: Власова Г. А. Галина Александровна
Egile korporatiboa: Академия наук СССР (АН СССР) Дальневосточный научный центр (ДНЦ) Тихоокеанский океанологический институт им. В. И. Ильичева (ТОИ), Государственный океанографический институт, Сахалинский научно-исследовательский институт рыбного хозяйства и океанографии
Beste egile batzuk: Васильев А. С. Анатолий Сергеевич (редактор), Шевченко Г. В. Георгий Владимирович, Алексеев А. В.
Gaia:Книга посвящена вопросам пространственно-временной изменчивости гидрологических и динамических характеристик Охотского моря и эволюции морских экосистем. Исследована сезонная изменчивость циркуляции вод Охотского моря под влиянием различных типов атмосферных процессов. Проведен анализ инструментальных измерений течений на восточном шельфе о. Сахалина и данных спутниковой альтиметрии. Показана хорошая согласованность результатов теоретического моделирования с данными непосредственных инструментальных исследований. Полученные результаты позволяют расширить существующие представления о структуре и динамике вод Охотского моря. Книга представляет интерес для океанологов, климатологов, метеорологов, экологов, специалистов рыбного промысла, студентов вузов, аспирантов и молодых специалистов.
Hizkuntza:errusiera
Argitaratua: Москва, Наука, 2008
Gaiak:
Formatua: Liburua
KOHA link:https://koha.lib.tpu.ru/cgi-bin/koha/opac-detail.pl?biblionumber=143842

MARC

LEADER 00000nam0a2200000 4500
001 143842
005 20231101221045.0
010 |a 9785020360341 
035 |a (RuTPU)RU\TPU\book\155886 
090 |a 143842 
100 |a 20080609d2008 k y0rusy5002 ca 
101 0 |a rus 
102 |a RU 
105 |a af z 001zy 
200 1 |a Пространственно-временная изменчивость структуры и динамики вод Охотского моря  |f Г. А. Власова, А. С. Васильев, Г. В. Шевченко  |g АН СССР, Дальневосточный научный центр (ДНЦ), Тихоокеанский океанологический институт им. В. И. Ильичева (ТОИ) ; Гос. океанографический институт ; Сахалинский научно-исследовательский институт рыбного хозяйства и океанографии ; под ред. А. В. Алексеева 
210 |a Москва  |c Наука  |d 2008 
215 |a 359 с.  |c ил. 
320 |a Библиогр.: с. 343-353. 
330 |a Книга посвящена вопросам пространственно-временной изменчивости гидрологических и динамических характеристик Охотского моря и эволюции морских экосистем. Исследована сезонная изменчивость циркуляции вод Охотского моря под влиянием различных типов атмосферных процессов. Проведен анализ инструментальных измерений течений на восточном шельфе о. Сахалина и данных спутниковой альтиметрии. Показана хорошая согласованность результатов теоретического моделирования с данными непосредственных инструментальных исследований. Полученные результаты позволяют расширить существующие представления о структуре и динамике вод Охотского моря. Книга представляет интерес для океанологов, климатологов, метеорологов, экологов, специалистов рыбного промысла, студентов вузов, аспирантов и молодых специалистов. 
606 1 |a Моря  |x Гидрология  |2 stltpush  |3 (RuTPU)RU\TPU\subj\44435  |9 63759 
610 1 |a Охотское море 
610 1 |a воды 
610 1 |a динамика 
610 1 |a течения 
610 1 |a бароклинные течения 
610 1 |a термохалинные процессы 
610 1 |a циркуляция 
610 1 |a сезонная изменчивость 
610 1 |a атмосферные процессы 
610 1 |a инструментальные исследования 
610 1 |a инструментальные исследования 
610 1 |a акватории 
610 1 |a океанология 
610 1 |a климатология 
610 1 |a метеорология 
610 1 |a экология 
675 |a 551.465  |v 3 
700 1 |a Власова  |b Г. А.  |g Галина Александровна  |4 070 
701 1 |a Васильев  |b А. С.  |g Анатолий Сергеевич 
701 1 |a Шевченко  |b Г. В.  |g Георгий Владимирович 
702 1 |a Алексеев  |b А. В.  |4 340 
712 0 2 |a Академия наук СССР (АН СССР)  |b Дальневосточный научный центр (ДНЦ)  |b Тихоокеанский океанологический институт им. В. И. Ильичева (ТОИ)  |c (Владивосток)  |2 stltpush  |3 (RuTPU)RU\TPU\col\11564 
712 0 2 |a Государственный океанографический институт  |2 stltpush  |3 (RuTPU)RU\TPU\col\13322  |9 25626 
712 0 2 |a Сахалинский научно-исследовательский институт рыбного хозяйства и океанографии  |2 stltpush  |3 (RuTPU)RU\TPU\col\15082  |9 26083 
801 1 |a RU  |b 63413507  |c 20080924  |g PSBO 
801 2 |a RU  |b 63413507  |c 20131211  |g PSBO 
942 |c BK